|
|
|
|
| LEADER |
01388nam a2200385Ia 4500 |
| 001 |
EBC1042689 |
| 003 |
MiAaPQ |
| 005 |
20200520144314.0 |
| 006 |
m o d | |
| 007 |
cr cn||||||||| |
| 008 |
121013s2012 enka sb 000 0 eng d |
| 020 |
|
|
|z 9781781902165
|
| 020 |
|
|
|a 9781781902172 (electronic bk.)
|
| 035 |
|
|
|a (MiAaPQ)EBC1042689
|
| 035 |
|
|
|a (Au-PeEL)EBL1042689
|
| 035 |
|
|
|a (CaPaEBR)ebr10608578
|
| 035 |
|
|
|a (CaONFJC)MIL394748
|
| 035 |
|
|
|a (OCoLC)820830455
|
| 040 |
|
|
|a MiAaPQ
|c MiAaPQ
|d MiAaPQ
|
| 050 |
|
4 |
|a HB615
|b .E97 2012
|
| 245 |
0 |
0 |
|a Experts and epistemic monopolies
|h [electronic resource] /
|c Roger Koppl, Steven Horwitz, Laurent Dobuzinskis, editors.
|
| 250 |
|
|
|a 1st ed.
|
| 260 |
|
|
|a Bingley, UK :
|b Emerald,
|c 2012.
|
| 300 |
|
|
|a viii, 272 p. :
|b ill.
|
| 490 |
0 |
|
|a Advances in Austrian economics ;
|v vol. 17
|
| 504 |
|
|
|a Includes bibliographical references.
|
| 533 |
|
|
|a Electronic reproduction. Ann Arbor, MI : ProQuest, 2015. Available via World Wide Web. Access may be limited to ProQuest affiliated libraries.
|
| 650 |
|
0 |
|a Entrepreneurship.
|
| 650 |
|
0 |
|a Monopolies.
|
| 655 |
|
4 |
|a Electronic books.
|
| 700 |
1 |
|
|a Koppl, Roger,
|d 1957-
|
| 700 |
1 |
|
|a Horwitz, Steven.
|
| 700 |
1 |
|
|a Dobuzinskis, Laurent.
|
| 710 |
2 |
|
|a ProQuest (Firm)
|
| 856 |
4 |
0 |
|u https://ebookcentral.proquest.com/lib/matrademy/detail.action?docID=1042689
|z Click to View
|